Normal view
MARC view
- Dil, Anwar
Entry Personal Name
001 - CONTROL NUMBER
- control field: 6677
003 - CONTROL NUMBER IDENTIFIER
- control field: NUST
005 - DATE AND TIME OF LATEST TRANSACTION
- control field: 20171122145945.0
008 - FIXED-LENGTH DATA ELEMENTS
- fixed length control field: 171122|| aca||aabn | a|a d
040 ## - CATALOGING SOURCE
- Original cataloging agency: NUST
- Transcribing agency: NUST
100 ## - HEADING--PERSONAL NAME
- Personal name: Dil, Anwar
670 ## - SOURCE DATA FOUND
- Source citation: Work cat.: (NUST)0: Dil, Anwar, Intercultural Learning My studeents at U.S Internatinoal University, 2007
